Регионална библиотека "Любен Каравелов" - Русе

РУСЕ (Запис номер 292526)

MARC детайли
000 -Лидер
Контролно поле с фиксирана дължина 01520nas a2200325 c 4500
001 - Контролен номер на записа
Контролно поле 292526
003 - Код на организацията, давaща контролен номер
Контролно поле BLK
005 - Дата и час на последна редакция
Контролно поле 20240402114303.0
008 - Елементи от данни с фиксирана дължина
fixed length control field 180413b bul raner|||| |0| c1bulo|
010 ## - Наследен системен номер
LC control number PRD00005930000
022 ## - Международен стандартен номер на серия ISSN
Международният стандартен номер на серията ISSN C603-9944
040 ## - Източник на каталожния запис
Идентификатор на билиотеката - собственик на записа BLK
041 ## - Код за език
Код за езика на текст/звукозапис или на отделно заглавие Български
Код за езика КДБФ Български
080 ## - УДК
Текстов определител УДК Социални въпроси в цялост. Критика на социалната организация. Социални реформо(общо). Практически социални проблеми. Социална политика (общи въпроси). Вж и 141.82;308;331;351.83
УДК код - определител по УДК 304
УДК определител (497.215)
УДК - код + определител 304(497.215)
110 1# - Редна дума - колетивен орган
Редна дума - наименование на организация или юридическо лице Изд. Русенска корабостроителница
Авторска отговорност (Описва отношението между автора и произведението) Ред. кол.: Здравка Крумова
9 (RLIN) 358847
245 10 - Сведения за заглавието
Заглавие РУСЕ
Подзаглавни данни Регионален всекидневник
Редно поле (дума) Изд. Русенска корабостроителница ; Ред. кол.: Здравка Крумова
Дата на създаване на произведението Начална год. на издаване: Год. 1, № 1 (1993),
257 ## - Страна на издаване
Страна на създаване/издаване България
260 ## - Област на издателските данни
Име на издателя, разпространителя и проч. Русенска корабостроителница
Година на издаване 1993
Печатница Дунав прес - ООД
300 ## - Физическа характеристика
Размери/Мащаб 42
310 ## - Текуща периодчност на изданието
Срок за съхранение срок за съхранение: 99
380 ## - Жанр
Жанр Обществени науки
852 ## - Местоположение
Форматна сигнатура В 600
856 ## - Електронен адрес и достъп
Електронен формат pdf - файл
Път до файла /url/
856 ## - Електронен адрес и достъп
Електронен формат pdf - файл
Път до файла /url/
942 ## - АРТИКУЛИ
Вид на библиотечния материал Вестници
Скрит в OPAC Не
Периодичен библиозапис Да
Koha issues (borrowed), all copies 4
944 ## - СЪЗДАВАНЕ И РЕДАКЦИЯ на ЗАПИСА
Създаване/Редакция Създаване
Дата на регистрацията/редакция Йордан_Досев
Служител, извършил регистрацията/редакцията 30540
Статус, дата на статуса Севдалина Тодорова
944 ## - СЪЗДАВАНЕ И РЕДАКЦИЯ на ЗАПИСА
Създаване/Редакция Редакция
Дата на регистрацията/редакция Нефис_Фикрет
Служител, извършил регистрацията/редакцията 23.07.2015
999 ## - СИСТЕМНИ КОНТРОЛНИ НОМЕРА
Koha biblionumber 292526
Koha biblioitemnumber 292526
999 ## - СИСТЕМНИ КОНТРОЛНИ НОМЕРА
Koha biblioitemnumber 292526
999 ## - СИСТЕМНИ КОНТРОЛНИ НОМЕРА
Koha biblioitemnumber 292526
Наличности
Код за отписване Код за изгубен артикул Източник на класификационната схема Код за повреда Коз за рестрикции Код за отдаване Артикулен № Име на библиотеката - собственик Име на библиотеката, в която се намира в момента Статус (Текущо местоположение) Дата на вписване в системата Местоположение - отдел Цена в лева Номерация (Хронология) Инвентарен номер Систематично азбучна сигнатура Баркод Номер на екземпляра Цена в евро Служебна бележка Служебен тип на артикула Бележка за публиката
  Не е изгубен Universal Decimal Classification Не е повреден без рестрикции ползва се в читалня 584227 Регионална библиотека "Любен Каравелов" Русе Регионална библиотека "Любен Каравелов" Русе Хранилище 1993-01-01 Хранилище 0.00 Обхват на том: 1-88 596410 В 600 130000596410 1 0.00 Дост: Dp, Вид: Д, N: стар фонд, Годиш. инв.: 1, Дата инв: 05.06.2014, Бележки инв: Цб2014 Вестници Год. на изд.: 1993
Изтеглен Не е изгубен Universal Decimal Classification Не е повреден без рестрикции ползва се в читалня 584228 Регионална библиотека "Любен Каравелов" Русе Регионална библиотека "Любен Каравелов" Русе Краезнание 1993-01-01 Краезнание 0.01 Обхват на том: 1-88 596408 В 600 596408 2 0.01 Дост: Dp, Вид: Д, N: стар фонд, Годиш. инв.: 1, Дата инв: 07.11.2014, Бележки инв: Цб2014 Вестници Год. на изд.: 1993
Vip Innovations Ltd, Rousse, Bulgaria 2025